Personajes de Disney - 1 - Estadísticas

Estadísticas generales
  • Esta prueba ha sido intentada 5.577 veces
  • La puntuación promedio es 11 de 20
Estadísticas de respuestas
Imagen Respuesta % Correcto
Blancanieves
98%
Dumbo
98%
Mickey Mouse
91%
Daisy
89%
Cruella de Vil
86%
Scar
81%
Esmeralda
61%
Rey Tritón
61%
Reina de Corazones
57%
Mushu
56%
Flynn
53%
Kuzco
52%
Abu
41%
Megara
41%
John Smith
30%
Tod
27%
Príncipe Naveen
25%
Fígaro
23%
Hamm
22%
Terk
12%
No se encontraron pruebas coincidentes
Distribución de puntuación
Porcentaje de gente con cada puntuación
Porcentaje por número respondido
Historial de tus puntuaciones
No has intentado esta prueba.